Pickard's Manual of Operative Dentistry / (Record no. 33902)
[ view plain ]
| 000 -LEADER | |
|---|---|
| fixed length control field | 00565nam a22001937a 4500 |
| 005 - DATE AND TIME OF LATEST TRANSACTION | |
| control field | 20240129124017.0 |
| 008 - FIXED-LENGTH DATA ELEMENTS--GENERAL INFORMATION | |
| fixed length control field | 231016b |||||||| |||| 00| 0 eng d |
| 020 ## - INTERNATIONAL STANDARD BOOK NUMBER | |
| ISBN | 9780199661688 |
| 082 ## - DEWEY DECIMAL CLASSIFICATION NUMBER | |
| Classification number | 617.67 |
| Item number | BAN-P |
| 100 ## - MAIN ENTRY--AUTHOR | |
| Author Name | Banerjee, Avijit |
| 245 ## - TITLE STATEMENT | |
| Title | Pickard's Manual of Operative Dentistry / |
| Statement of responsibility, etc. | Avijit Banerjee, Timothy F Watson. |
| 250 ## - EDITION STATEMENT | |
| Edition statement | 9th ed. |
| 260 ## - PUBLICATION, DISTRIBUTION, ETC. | |
| Place of Publication | USA : |
| Name of publisher, distributor, etc. | Oxford; |
| Date of publication, distribution, etc. | 2011. |
| 300 ## - PHYSICAL DESCRIPTION | |
| Pages | ix ,157 p.: |
| 500 ## - GENERAL NOTE | |
| General note | Printed in Pakistan.Include Index. |
| 650 ## - SUBJECT ADDED ENTRY--TOPICAL TERM | |
| Subject / Department | Dentistry/Medical |
| 700 ## - ADDED ENTRY--PERSONAL NAME | |
| Personal name | Timothy F Waston |
| 300 ## - PHYSICAL DESCRIPTION | |
| -- | ill, |
| -- | 27 cm. |
| 952 ## - LOCATION AND ITEM INFORMATION (KOHA) | |
| -- | 0 |
| -- | 0 |
| 952 ## - LOCATION AND ITEM INFORMATION (KOHA) | |
| -- | 0 |
| -- | 0 |
| 952 ## - LOCATION AND ITEM INFORMATION (KOHA) | |
| -- | 0 |
| -- | 0 |
| 952 ## - LOCATION AND ITEM INFORMATION (KOHA) | |
| -- | 0 |
| -- | 0 |
| Lost status | Damaged status | Collection code | Permanent Location | Current Location | Shelving Location | Date acquired | Full Call Number | Accession No./Barcode | Date last seen | Copy number | item type | Koha item type |
|---|---|---|---|---|---|---|---|---|---|---|---|---|
| Medical | Superior Information Resource Center (SIRC) Superior University- Main Campus | Superior Information Resource Center (SIRC) Superior University- Main Campus | Dentistry | 10/16/2023 | 617.67 BAN-P 2011 | 20816 | 10/16/2023 | 1 | ||||
| Medical | Superior Information Resource Center (SIRC) Superior University- Main Campus | Superior Information Resource Center (SIRC) Superior University- Main Campus | Dentistry | 10/16/2023 | 617.67 BAN-P 2011 | 20817 | 10/16/2023 | 2 | ||||
| Medical | Superior Information Resource Center (SIRC) Superior University- Main Campus | Superior Information Resource Center (SIRC) Superior University- Main Campus | Dentistry | 10/16/2023 | 617.67 BAN-P 2011 | 20818 | 10/16/2023 | 3 | ||||
| Medical | Superior Information Resource Center (SIRC) Superior University- Main Campus | Superior Information Resource Center (SIRC) Superior University- Main Campus | Dentistry | 11/22/2024 | 617.67 BAN-P 2011 | 29769 | 11/22/2024 | 4 | BOOK | BOOK |
